| 000 | 00940nam a22002897a 4500 | ||
|---|---|---|---|
| 999 |
_c28150 _d28121 |
||
| 003 | EG-ScBUE | ||
| 005 | 20200219105849.0 | ||
| 008 | 200219s2019 ua f 000 0 ara d | ||
| 017 | _a2019 / 27137 | ||
| 020 | _a9789778461237 | ||
| 040 |
_aEG-ScBUE _bara _erda _cEG-ScBUE _dEG-ScBUE |
||
| 043 | _ama----- | ||
| 082 | 0 | 4 |
_a791.4309174927 _bع م ر _222 |
| 100 | 1 |
_aعمري، أمير، _eمؤلف. |
|
| 245 | 1 | 2 |
_aالسينما العربية خارج الصندوق / _cأمير العمري. |
| 264 | 1 |
_aالقاهرة ؛ _aدبي : _bمنشورات بتانة، _c2019. |
|
| 300 |
_a433 صفحة ؛ _c24 سم. |
||
| 336 |
_2rdacontent _aنص _btxt |
||
| 337 |
_2rdamedia _aبدون وسيط _bn |
||
| 338 |
_2rdacarrier _aمجلد _bnc |
||
| 490 | 0 | _aسينما | |
| 650 | 7 |
_aالسينما _zالدول العربية. _2BUEsh |
|
| 651 | _2BUEsh | ||
| 653 |
_bGGEN _cFebruary2020 |
||
| 655 |
_vReading book _934232 |
||
| 942 | _2ddc | ||